[Event "Paranaense-ch (Women) 2013"]
[Site "Curitiba"]
[Date "2014.01.19"]
[Round "5.7"]
[White "Da Silva, Lais Mariano Teixei"]
[Black "Rocha, Juliana da Silva"]
[Result "1/2-1/2"]
[WhiteElo "1718"]
[BlackElo "1663"]
[PlyCount "24"]
[EventDate "2014.01.17"]
[EventType "swiss"]
[EventRounds "6"]
[EventCountry "BRA"]
[SourceTitle "EXT 2022"]
[Source "ChessBase"]
[SourceDate "2021.10.06"]
[SourceVersion "1"]
[SourceVersionDate "2021.10.06"]
[SourceQuality "1"]

1. e4 c5 2. Nf3 e6 3. d4 cxd4 4. Nxd4 Nf6 5. Nc3 Bb4 6. f3 Nc6 7. Qd2 a6 8. Nxc6 bxc6 9. Qd3 d5 10. Bd2 Qa5 11. a3 Bxc3 12. Qxc3 Qb6 1/2-1/2

[Event "Paranaense-ch (Women) 2013"]
[Site "Curitiba"]
[Date "2014.01.18"]
[Round "4.7"]
[White "De Lima, Fernanda Ferreira P"]
[Black "Da Silva, Lais Mariano Teixei"]
[Result "1-0"]
[WhiteElo "1825"]
[BlackElo "1718"]
[PlyCount "37"]
[EventDate "2014.01.17"]
[EventType "swiss"]
[EventRounds "6"]
[EventCountry "BRA"]
[SourceTitle "EXT 2022"]
[Source "ChessBase"]
[SourceDate "2021.10.06"]
[SourceVersion "1"]
[SourceVersionDate "2021.10.06"]
[SourceQuality "1"]

1. e4 e5 2. Nf3 d6 3. Nc3 Nf6 4. Be2 Nc6 5. 0-0 Be7 6. d4 exd4 7. Nxd4 Nxd4 8. Qxd4 0-0 9. Bc4 c6 10. Bb3 Bd7 11. e5 dxe5 12. Qxe5 Re8 13. Qg3 h6 14. Bxh6 Nh5 15. Qg6 Rf8 16. Rad1 Qc8 17. Rd4 Be6 18. Qxh5 g6 19. Qe5 1-0